| 000 | 00774nam a22002295i 4500 | ||
|---|---|---|---|
| 001 | 016538387 | ||
| 003 | OSt | ||
| 005 | 20141201105733.0 | ||
| 008 | 131106s2009 xxkdk fr 001 0 eng d | ||
| 020 | _a9781905641741 (paperback) | ||
| 040 |
_aUk _beng _cUk _dEG-ScBUE |
||
| 082 | 0 | 0 |
_222 _bLAM _a332.632042 |
| 100 | 1 |
_aLambert, Clive _936716 |
|
| 245 | 1 | 0 |
_aCandlestick charts : _ban introduction to using candlestick charts / _cClive Lambert. |
| 260 |
_aPetersfield, United Kingdom : _bHarriman House LTD, _c2009 _f(MPG Books Group) |
||
| 300 |
_axi, 175 p. : _bcharts, forms ; _c25 cm. |
||
| 500 | _aIndex : p. 167-175. | ||
| 650 | 0 |
_aStocks _vCharts, diagrams, etc. _936717 |
|
| 653 |
_bBUSADM _cDecember2014 |
||
| 655 |
_vreading book _934232 |
||
| 942 |
_2ddc _k332.632042 LAM |
||
| 999 |
_c18691 _d18663 |
||